| 000 | 00523nam a22001817a 4500 | ||
|---|---|---|---|
| 999 |
_c2462 _d2462 |
||
| 003 | OSt | ||
| 005 | 20200303142911.0 | ||
| 008 | 151106b xxu||||| |||| 00| 0 eng d | ||
| 020 | _a0749428430 | ||
| 040 | _cDDC | ||
| 050 | _a658.4 YOU 1996 | ||
| 100 |
_aYoung, L. Trevor: _96033 |
||
| 245 |
_aThe Hand book of Project Management: _ba practical guide to effective policies and procedures |
||
| 260 |
_aLondon; _bKogan page _c1996 |
||
| 300 |
_a224p; _bill: _c24cm |
||
| 650 |
_aProject Management; _95305 |
||
| 942 |
_2ddc _cSLOAN |
||